Rize ili raporu (Record no. 8791)

MARC details
000 -BAŞLIK
Sabit Uzunlukta Kontrol Alanı 00906na a2200265 4500
001 - KONTROL NUMARASI
Denetim Alanı 16324
003 - KONTROL NUMARASI IDENTIFIER
Denetim Alanı MIRAKIL
005 - SON İŞLEM TARİHİ VE ZAMANI
Denetim Alanı 20181213155224.0
008 - SABİT-BOY VERİ ELEMANLARI - GENEL BİLGİLER
Sabit Uzunlukta Kontrol Alanı 161003b tu 000 0
035 ## - SİSTEM KONTROL NUMARASI
Sistem Kontrol Numarası 16324
040 ## - KATALOGLAMA KAYNAK
Orijinal Kataloglama Ajansı Milas
Kataloglama Dili tur
Metne Dönüştürmek Ajansı TR-AnCHP
041 ## - DİL KODU
Metin / Ses Parça Veya Ayrı Başlığın Dil Kodu tur
082 ## - DEWEY ONLU SINIFLANDIRMA NUMARASI
Sınıflandırma Numarası 330.956326021
Ürün Numarası R59 1997
090 ## - SINIFLAMA NUMARASI
Sınıflama Numarası 330.956326021 R59 1997
245 ## - BAŞLIK TABLOSU
Başlık Rize ili raporu
260 ## - YAYIN, DAĞITIM, VB
Yayın, Dağıtım, Vb Yeri Ankara
Yayıncı, Dağıtıcı, Vs Adı Devlet Planlama Teşkilatı (DPT)
Yayın, Dağıtım, Vb Tarihi 1997
300 ## - FİZİKSEL TANIM
Kapsam 62 s.
Diğer Fiziksel Ayrıntıları tbl. , hrt.
Boyutlar 27 sm.
490 ## - SERİSİ TABLOSU
Seri Beyanı Devlet Planlama Teşkilatı (DPT)
Hacim / Ardışık Tanımı 2473
500 ## - GENEL NOT
Genel Not Kitapların sırt etiketinde bulunan cilt numaraları o ilin plaka kodunu göstermektedir.
650 ## - KONU KATMA GİRİŞ - TOPİKAL DÖNEM
Topikal Süreli Veya Coğrafi Ad Giriş Elemanı Sosyo ekonomik göstergeler
Kronolojik Alt Bölümü İstatistikler
Coğrafi Alt Bölümü Rize
650 ## - KONU KATMA GİRİŞ - TOPİKAL DÖNEM
Topikal Süreli Veya Coğrafi Ad Giriş Elemanı Sosyo ekonomik göstergeler
Genel Alt Bölümü İller
Kronolojik Alt Bölümü İstatistikler
Coğrafi Alt Bölümü Türkiye
651 ## - KONU KATMA GİRİŞ - COĞRAFİ ADI
Coğrafi İsim Rize
Genel Alt Bölümü Ekonomik durum
Kronolojik Alt Bölümü İstatistikler
651 ## - KONU KATMA GİRİŞ - COĞRAFİ ADI
Coğrafi İsim Rize
Genel Alt Bölümü Sosyal durum
Kronolojik Alt Bölümü İstatistikler
942 ## - EKLENDİ GİRİŞ ELEMANLARI (KOHA)
Sınıflandırma Veya Raf Düzeni Kaynak Dewey Decimal Classification
Koha Öğesi Türü Books
999 ## - SİSTEM KONTROL NUMARALARI (KOHA)
Koha Biblionumber 8791
Koha Biblioitemnumber 8791
Holdings
Kalıcı Konum Mevcut Konum Edinme Tarihi Edinim Kaynak Seri Numaralandırma / Kronolojik Toplam Check-Out'Lar Tam Çağrı Numarası Barkod Tarih Son Görülme İtibaren Geçerli Fiyatlar Koha Öğesi Türü
CHP Kütüphanesi CHP Kütüphanesi 10/03/2016 Bağış c.29   330.956326021 R59 1997 005184 10/03/2016 10/03/2016 Books